000 00452nam a2200169 4500
001 139536
003 ES-MaACL
005 20230906195831.0
007 t|
008 070214s1971 sp r ||||1| spa d
100 1 _aSautier Casaseca, Guillermo.
_9104020
245 1 0 _aYo soy aquél /
_cGuillermo Sautier Casaseca.
250 _a1ª. ed.
260 _aMadrid :
_bCid,
_c1971.
300 _a301 p. ;
_c18 cm.
852 _aES-MaACL
_jC-40873
_bR.77025
999 _c139536
_d139536